[Event "I Torneo Giovani Maestri"]
[Site "Pesaro ITA"]
[Date "2003.10.04"]
[Round "7"]
[White "Vocaturo, Daniele"]
[Black "Rombaldoni, Denis"]
[Result "0-1"]
[WhiteElo "2156"]
[BlackElo "2064"]
[PlyCount "114"]
[EventDate "2003.09.28"]

1. e4 c6 2. d4 d5 3. Nc3 dxe4 4. Nxe4 Bf5 5. Ng3 Bg6 6. h4 h6 7. Nf3 Nd7 8. h5
Bh7 9. Bd3 Bxd3 10. Qxd3 e6 11. Bd2 Qc7 12. O-O-O Ngf6 13. Ne4 O-O-O 14. g3
Nxe4 15. Qxe4 Nf6 16. Qe2 Rd5 17. c4 Rxh5 18. Rxh5 Nxh5 19. Qe5 Qxe5 20. dxe5
g6 21. Be3 Ng7 22. Bxa7 Be7 23. Bb6 h5 24. a4 Nf5 25. a5 g5 26. Rh1 h4 27. gxh4
gxh4 28. Nd4 Nxd4 29. Bxd4 Bg5+ 30. Kc2 h3 31. Kd3 h2 32. Bc3 Bf4 33. Ke4 Rh4
34. Kf3 c5 35. Kg2 Rg4+ 36. Kf1 Kb8 37. a6 b6 38. f3 Rg8 39. Kf2 Ka7 40. Ra1
Bg3+ 41. Ke3 Bxe5 42. Bxe5 Rg1 43. Bxh2 Rxa1 44. Be5 Kxa6 45. Kf4 Rd1 46. Bc3
Kb7 47. Ke5 Rf1 48. f4 Kc6 49. Ke4 Kd7 50. Bg7 Re1+ 51. Kd3 Ke7 52. Bc3 Ra1 53.
Be5 f6 54. Bc3 Rh1 55. Ke4 Rh5 56. Kf3 Rh3+ 57. Ke4 f5+ 0-1